| Tag |
First Indicator |
Second Indicator |
Subfields |
| LEADER |
00000cam a22000001a 4500 |
| 001 |
in00003769331 |
| 005 |
20190409170155.0 |
| 006 |
m o d f |
| 007 |
cr bn mmmapmmp |
| 008 |
141211s1920 dcu o f000 0 eng d |
| 035 |
|
|
|a ebd1910700868
|
| 040 |
|
|
|a UMI
|c UMI
|d UtOrBLW
|
| 086 |
0 |
|
|a DC 43.1:920
|
| 099 |
|
|
|a DC43.1-6
|
| 110 |
2 |
|
|a Public Utilities Commission of the District of Columbia.
|0 http://id.loc.gov/authorities/names/n87846255
|
| 245 |
1 |
0 |
|a Eighth annual report of Public Utilities Commission of D.C.
|
| 264 |
|
1 |
|a [Washington] :
|b GPO,
|c 1920.
|
| 300 |
|
|
|a 1 online resource (234 pages)
|
| 336 |
|
|
|a text
|b txt
|2 rdacontent
|
| 337 |
|
|
|a computer
|b c
|2 rdamedia
|
| 338 |
|
|
|a online resource
|b cr
|2 rdacarrier
|
| 500 |
|
|
|a Annual report of D.C. Public Utilities Commission. Reports cover regulation of public utility and transportation companies. Reports include text of orders and opinions governing operations of companies, and list of informal cases with summary. Reports include data on finances, employees, wages, and equipment of selected public utility companies.
|
| 533 |
|
|
|a Electronic reproduction.
|b [Bethesda, Md.] :
|c ProQuest,
|d 2014.
|e digital, PDF file.
|n ProQuest U.S. Executive Branch Documents
|n Mode of access: World Wide Web via ProQuest website.
|
| 588 |
|
|
|a Record is based on online resource; title from PDF title page (ProQuest, last viewed Dec. 2014). Reuse except for individual research requires license from ProQuest, LLC.
|
| 500 |
|
|
|a Electronic resource.
|
| 650 |
|
0 |
|a Industrial hygiene.
|0 http://id.loc.gov/authorities/subjects/sh85065884
|
| 650 |
|
0 |
|a Public utilities.
|0 http://id.loc.gov/authorities/subjects/sh85108825
|
| 650 |
|
0 |
|a Traffic accidents.
|0 http://id.loc.gov/authorities/subjects/sh85136758
|
| 650 |
|
0 |
|a Urban transportation.
|0 http://id.loc.gov/authorities/subjects/sh85141331
|
| 655 |
|
7 |
|a Electronic books.
|2 local
|
| 856 |
4 |
0 |
|u http://proxy.library.tamu.edu/login?url=http://congressional.proquest.com/congressional/docview/t66.d71.dc43.1-6
|z Connect to the full text of this electronic document
|t 0
|
| 999 |
f |
f |
|s 86056af3-97a6-3cec-bce9-439d26f56401
|i a6186de7-3a10-3c84-8102-309e20bfccc8
|t 0
|
| 952 |
f |
f |
|a Texas A&M University
|b College Station
|c Electronic Resources
|d Available Online
|t 0
|h No information provided
|
| 998 |
f |
f |
|t 0
|l Available Online
|